| 000 | 00714nam a2200217 a 4500 | ||
|---|---|---|---|
| 999 |
_c9004 _d9004 |
||
| 001 | 9004 | ||
| 003 | BD-JhCC | ||
| 005 | 20180306200859.0 | ||
| 008 | 180306s1988 bg |||| |||| 000 0 ben d | ||
| 035 | _a(BD-JhCC)9004 | ||
| 040 |
_aBD-JhCC _dBD-JhCC |
||
| 041 | _aben | ||
| 082 |
_a530.8 _bKHA 1988 |
||
| 100 | _aখলিল, প্রফেসর ফররুখ | ||
| 245 |
_aমাত্রা বিশ্লেষণ ও মডেল সাদৃশ্যায়ন / _cপ্রফেসর ফররুখ খলিল |
||
| 260 |
_aঢাকা : _bবাংলা একাডেমী, _c1988. |
||
| 300 |
_a125 p. : _c24 cm. |
||
| 650 | _aDimentional Analysis | ||
| 942 |
_2ddc _cBK |
||